Odvetvovo-územné interakcie v riadení investičnej výstavby záverečná etapa čiastkovej úlohy SPEV 902 003/04

Guardado en:
Detalles Bibliográficos
Formato: Libro
Lenguaje:eslovaco
Publicado: Bratislava VŠE 1985
Etiquetas: Agregar Etiqueta
Sin Etiquetas, Sea el primero en etiquetar este registro!

MARC

LEADER 00000nam a2200000 4500
001 c022884
005 20260326073452.5
041 0 |a slo 
044 |a SK 
245 1 0 |a Odvetvovo-územné interakcie v riadení investičnej výstavby  |b záverečná etapa čiastkovej úlohy SPEV 902 003/04 
264 1 |a Bratislava  |b VŠE  |c 1985 
300 |a 57 s.